[Event "Torredembarra op 20th"]
[Site "Torredembarra"]
[Date "2018.07.01"]
[Round "2"]
[White "Regue Farran, Enric"]
[Black "Narciso Dublan, Marc"]
[Result "0-1"]
[WhiteElo "1971"]
[BlackElo "2468"]
[PlyCount "67"]
[EventDate "2018.06.30"]
[EventType "swiss"]
[EventRounds "9"]
[EventCountry "ESP"]
[SourceTitle "CBM 185 Extra"]
[Source "ChessBase"]
[SourceDate "2018.07.29"]
[SourceVersion "1"]
[SourceVersionDate "2018.07.29"]
[SourceQuality "1"]

1. e4 g6 2. d4 Bg7 3. Nf3 d6 4. Nc3 Nf6 5. h3 0-0 6. Be3 c6 7. a4 Qc7 8. Bd3 Nbd7 9. Qd2 b6 10. 0-0 Bb7 11. Rfe1 e5 12. Bh6 Rfe8 13. Bc4 a6 14. Bxg7 Kxg7 15. Ng5 d5 16. Bb3 exd4 17. Qxd4 h6 18. e5 Nxe5 19. f4 c5 20. Qd2 Nc4 21. Bxc4 dxc4 22. Nf3 Rad8 23. Qf2 Qxf4 24. Rxe8 Rxe8 25. Nd2 Nd5 26. Qxf4 Nxf4 27. Nxc4 Bxg2 28. h4 Re6 29. Kf2 Bb7 30. Rd1 Rf6 31. Nd6 Nd5+ 32. Kg3 Rxd6 33. Kf2 Nf6 34. Ra1 0-1

[Event "Tarragona-chA"]
[Site "Tarragona"]
[Date "2017.10.08"]
[Round "1"]
[White "Fosch Ferre, Arnau"]
[Black "Regue Farran, Enric"]
[Result "1-0"]
[WhiteElo "1759"]
[BlackElo "1950"]
[PlyCount "41"]
[EventDate "2017.10.08"]
[EventType "swiss"]
[EventRounds "9"]
[EventCountry "ESP"]
[SourceTitle "CBM 181 Extra"]
[Source "ChessBase"]
[SourceDate "2017.12.12"]
[SourceVersion "1"]
[SourceVersionDate "2017.12.12"]
[SourceQuality "1"]

1. d4 Nf6 2. Bf4 d5 3. c3 e6 4. Nf3 Bd6 5. Ne5 0-0 6. Nd2 c5 7. e3 b6 8. h3 Bb7 9. Bd3 c4 10. Bc2 b5 11. Bg5 Nbd7 12. Nxd7 Qxd7 13. Bxf6 gxf6 14. Qh5 f5 15. f4 f6 16. g4 fxg4 17. hxg4 Rf7 18. Nf3 Rg7 19. 0-0-0 Rf8 20. Rdg1 Qe8 21. Bxh7+ 1-0

[Event "Tarragona Province-ch"]
[Site "Tarragona"]
[Date "2015.10.04"]
[Round "2"]
[White "Pamies Martinez, Lluis"]
[Black "Regue Farran, Enric"]
[Result "0-1"]
[WhiteElo "2071"]
[BlackElo "2210"]
[PlyCount "46"]
[EventDate "2015.09.27"]
[EventType "swiss"]
[EventRounds "9"]
[EventCountry "ESP"]
[SourceTitle "EXT 2017"]
[Source "ChessBase"]
[SourceDate "2016.10.25"]
[SourceVersion "1"]
[SourceVersionDate "2016.10.25"]
[SourceQuality "1"]

1. c4 e5 2. g3 Nf6 3. Bg2 Bc5 4. Nc3 a6 5. Nf3 Nc6 6. a3 d6 7. d3 h6 8. 0-0 0-0 9. h3 Be6 10. e3 e4 11. dxe4 Bxc4 12. Re1 Ne5 13. b4 Ba7 14. Nd2 Be6 15. Nb3 c5 16. f4 Bxb3 17. Qxb3 c4 18. Qa2 Nd3 19. Bd2 Nxe1 20. Rxe1 Qe7 21. g4 b5 22. e5 dxe5 23. Bxa8 Rxa8 0-1

[Event "Tarragona Province-ch"]
[Site "Tarragona"]
[Date "2015.09.27"]
[Round "1"]
[White "Regue Farran, Enric"]
[Black "Capdevila Vallve, Jordi"]
[Result "1-0"]
[WhiteElo "2210"]
[BlackElo "1991"]
[PlyCount "23"]
[EventDate "2015.09.27"]
[EventType "swiss"]
[EventRounds "9"]
[EventCountry "ESP"]
[SourceTitle "EXT 2017"]
[Source "ChessBase"]
[SourceDate "2016.10.25"]
[SourceVersion "1"]
[SourceVersionDate "2016.10.25"]
[SourceQuality "1"]

1. e4 e5 2. Nf3 Nc6 3. Bb5 a6 4. Ba4 Nf6 5. d3 b5 6. Bb3 d6 7. Ng5 d5 8. exd5 Nxd5 9. Nxf7 Kxf7 10. Qf3+ Ke6 11. Nc3 Ncb4 12. Bxd5+ 1-0

[Event "Tarragona-ch Seniors"]
[Site "Cambrils"]
[Date "2015.02.26"]
[Round "5.1"]
[White "Terreu Serra, Francesco"]
[Black "Regue Farran, Enric"]
[Result "0-1"]
[WhiteElo "2069"]
[BlackElo "2189"]
[PlyCount "80"]
[EventDate "2015.01.29"]
[EventType "swiss"]
[EventRounds "8"]
[EventCountry "ESP"]
[SourceTitle "EXT 2024"]
[Source "ChessBase"]
[SourceDate "2023.10.10"]
[SourceVersion "1"]
[SourceVersionDate "2023.10.10"]
[SourceQuality "1"]

1. d4 d5 2. Nf3 Nf6 3. e3 e6 4. Bd3 c5 5. b3 cxd4 6. exd4 Bd6 7. Bb2 Nc6 8. a3 0-0 9. 0-0 Qc7 10. Re1 b6 11. Nbd2 Bb7 12. Ne5 Ne7 13. f4 Rac8 14. Rc1 Ng6 15. Qf3 Rce8 16. Rf1 Qe7 17. Qe2 Rc8 18. g3 Rc7 19. b4 Rfc8 20. c3 Nf8 21. Kg2 g6 22. Kg1 Kg7 23. Kg2 N8d7 24. Kg1 h5 25. Kg2 Rh8 26. h3 Rcc8 27. Rcd1 Rh7 28. Ndf3 Bxe5 29. fxe5 Ne4 30. Bxe4 dxe4 31. Ng1 f5 32. exf6+ Nxf6 33. c4 Kg8 34. Rxf6 Qxf6 35. d5 Qe7 36. Qxe4 Qf7 37. Rf1 exd5 38. cxd5 Bxd5 39. Rxf7 Bxe4+ 40. Rf3 Rc2+ 0-1

[Event "Tarragona Province-ch Seniors"]
[Site "Salou"]
[Date "2014.03.06"]
[Round "6"]
[White "Regue Farran, Enric"]
[Black "Llaberia Borras, Salvador"]
[Result "1-0"]
[WhiteElo "2168"]
[BlackElo "2000"]
[PlyCount "89"]
[EventDate "2014.01.30"]
[EventType "swiss"]
[EventRounds "8"]
[EventCountry "ESP"]
[SourceTitle "EXT 2024"]
[Source "ChessBase"]
[SourceDate "2023.10.10"]
[SourceVersion "1"]
[SourceVersionDate "2023.10.10"]
[SourceQuality "1"]

1. e4 c5 2. Nf3 Nc6 3. d4 cxd4 4. Nxd4 Nf6 5. Nc3 d6 6. Be2 e6 7. Be3 Be7 8. 0-0 0-0 9. f4 a6 10. Bf3 Qc7 11. Qe2 Na5 12. Rad1 Bd7 13. Kh1 Rac8 14. Qf2 Nc4 15. Bc1 b5 16. a3 Nxa3 17. bxa3 Qxc3 18. Rd3 Qc7 19. Qg3 Rfd8 20. e5 Ne8 21. Be4 g6 22. f5 exf5 23. Nxf5 Bf8 24. exd6 Qxc2 25. Ne7+ Kh8 26. Qf3 f5 27. Nxc8 Rxc8 28. Bb7 Rc4 29. Rd2 Qa4 30. Bb2+ Bg7 31. Bxg7+ Kxg7 32. h3 b4 33. axb4 Qxb4 34. Bxa6 Rc6 35. Ra2 Qxd6 36. Rd1 Qe6 37. Re2 Qf7 38. Bb5 Rc7 39. Bxd7 Rxd7 40. Rde1 Nf6 41. Qc3 Kh6 42. Re6 Ne4 43. Qe5 Nf2+ 44. Kg1 Nd3 45. Qe3+ 1-0

[Event "Tarragona Province-ch"]
[Site "Hospitalet de l'Infant"]
[Date "2013.11.17"]
[Round "7"]
[White "Regue Farran, Enric"]
[Black "Terreu Serra, Francesco"]
[Result "1-0"]
[WhiteElo "2053"]
[BlackElo "1940"]
[PlyCount "51"]
[EventDate "2013.10.06"]
[EventType "swiss"]
[EventRounds "9"]
[EventCountry "ESP"]
[SourceTitle "EXT 2017"]
[Source "ChessBase"]
[SourceDate "2016.10.25"]
[SourceVersion "1"]
[SourceVersionDate "2016.10.25"]
[SourceQuality "1"]

1. e4 d5 2. exd5 Qxd5 3. Nc3 Qd8 4. d4 Nf6 5. Be2 Bf5 6. Nf3 e6 7. 0-0 Nc6 8. Bg5 Be7 9. Qd2 0-0 10. a3 Ne4 11. Nxe4 Bxe4 12. Bxe7 Nxe7 13. Ng5 Bg6 14. Rad1 Nf5 15. Nf3 Bh5 16. Rfe1 Nh4 17. Nxh4 Bxe2 18. Qxe2 Qxh4 19. Qe5 c6 20. Re4 Qf6 21. Qc7 Qd8 22. Qg3 Qd5 23. Rg4 g6 24. Rd3 f5 25. Rxg6+ Kh8 26. Qc7 1-0

[Event "Sitges op 38th"]
[Site "Sitges"]
[Date "2012.07.20"]
[Round "1"]
[White "Regue Farran, Enric"]
[Black "Movsziszian, Karen"]
[Result "0-1"]
[WhiteElo "2083"]
[BlackElo "2469"]
[PlyCount "51"]
[EventDate "2012.07.20"]
[EventType "swiss"]
[EventRounds "9"]
[EventCountry "ESP"]
[SourceTitle "CBM 149 Extra"]
[Source "ChessBase"]
[SourceDate "2012.08.24"]
[SourceVersion "1"]
[SourceVersionDate "2012.08.24"]
[SourceQuality "1"]

1. e4 g6 2. d4 Bg7 3. Nf3 d6 4. Bc4 Nf6 5. Nc3 c6 6. a4 d5 7. Bd3 dxe4 8. Nxe4 Nxe4 9. Bxe4 0-0 10. 0-0 Nd7 11. c4 c5 12. Be3 Nf6 13. Bc2 Ng4 14. h3 Nxe3 15. fxe3 Qc7 16. Qe2 Bd7 17. Rad1 Rad8 18. b3 e6 19. Kh1 b6 20. Qf2 Bc6 21. Qh4 h6 22. Ne5 Bxe5 23. dxe5 Rxd1 24. Rxd1 Qxe5 25. Qxh6 Qb2 26. Rd6 0-1